000 00476nam a2200181Ia 4500
005 20250326124702.0
008 250326s9999 xx 000 0 und d
037 _aTextbook
040 _aFMSL
_beng
_cFMSL
041 _aeng
_2eng
084 _aX:87 L9
_qFMSL
100 _aPrabhu V V
_9312006
245 0 _aManager at large
_cPrabhu V V
260 _aNew Delhi
_bNew Delhi, Vikas
_c1979
300 _a125p
942 _cTB
_hX:87 L9
999 _c1274745
_d1274745